'N'-Less European Countries Quiz Stats

 Plays Quiz Updated Feb 22, 2018

Score 0/19 Timer 03:00
4 Plays Today
Country % Correct
Italy
94.1%
Portugal
93.5%
Greece
90.5%
Russia
89.2%
Belgium
85%
Austria
85%
Turkey
83.2%
Latvia
83.1%
Czechia
81.7%
Slovakia
81%
Country % Correct
Croatia
79.1%
Luxembourg
77.7%
Malta
76%
Serbia
75.8%
Cyprus
75.3%
Belarus
75.1%
Bulgaria
73.4%
Kosovo
69.2%
Moldova
66.7%

You're not logged in!

Compare scores with friends on all Sporcle quizzes.
OR
Log In

You Might Also Like...

Show Comments

Extras

Top Quizzes Today


Score Distribution

Your Account Isn't Verified!

In order to create a playlist on Sporcle, you need to verify the email address you used during registration. Go to your Sporcle Settings to finish the process.

Report this User

Report this user for behavior that violates our Community Guidelines.

Details: